| 000 | 01116ncm a2200277 a 4500 | ||
|---|---|---|---|
| 999 |
_c349360 _d349360 |
||
| 003 | BLK | ||
| 005 | 20230801005234.0 | ||
| 008 | 200324b bu ||||| |||| 00| 0 bu d | ||
| 040 | _aBLK | ||
| 041 |
_aBUL _cBUL |
||
| 080 |
_aКамерна вок. муз. Песни, балади, арии, романси _b784.3 _z784.3 |
||
| 100 |
_aСагаев, Димитър Константинов _d1915-2003 _9261733 |
||
| 139 |
_aСагаев, Димитър Константинов _bС 12 |
||
| 245 |
_aСолови песни [Нотирана музика] _bСъс съпровод на пиано _cДимитър Сагаев |
||
| 260 |
_9209430 _aСофия _bМузика _c1977 |
||
| 300 |
_a212 с. _bс ноти _c33 см |
||
| 380 | _a7 | ||
| 500 | _aПълното име на Младен Исаев е Младен Исаев Младенов 156 тир. | ||
| 653 | 7 |
_9196911 _aсолови песни |
|
| 653 | 7 |
_9188624 _aклавирен съпровод |
|
| 852 | _aМ ІІ 7352 | ||
| 942 |
_cNOT _n0 _s1 |
||
| 944 |
_aCR _c2020-03-24 _lCRON CRON _k |
||
| 999 | _d349360 | ||
| 999 | _d349360 | ||